Perspektivy vývoje některých aspektů životní úrovně ve světe

Salvato in:
Dettagli Bibliografici
Autore principale: Jalovec, Zbyněk
Natura: Libro
Lingua:ceco
Pubblicazione: Praha Ústředí vědeckých, technických a ekonomických informací 1983
Tags: Aggiungi Tag
Nessun Tag, puoi essere il primo ad aggiungerne!!

MARC

LEADER 00000nam a2200000 4500
001 c133078
005 20190620091316.5
041 0 |a cze 
044 |a CZ 
245 1 0 |a Perspektivy vývoje některých aspektů životní úrovně ve světe  |c Zbyněk Jalovec 
264 1 |a Praha  |b Ústředí vědeckých, technických a ekonomických informací  |c 1983 
300 |a 48 s. 
100 1 |a Jalovec, Zbyněk